TF2 Spy Weapons - Statistics

General Stats
  • This quiz has been taken 44 times
  • The average score is 10 of 15
Answer Stats
Hint Answer % Correct
Melee Knife
94%
Primary Revolver
83%
Primary Ambassador
75%
Secondary Dead Ringer
75%
Melee Your Eternal Reward
72%
Melee Big Earner
69%
Primary Diamondback
69%
Melee Spycicle
69%
Primary Enforcer
67%
Melee Conniver’s Kunai
61%
Secondary Cloak And Dagger
58%
Secondary Invis Watch
56%
Primary L’Etranger
56%
Melee Black Rose
50%
Melee Sharp Dresser
31%
No matching quizzes found
Score Distribution
Percent of People with Each Score
Percentile by Number Answered
Your Score History
You have not taken this quiz